000 00586nam a2200205 4500
001 83174
003 BD-RjUL
005 20240228115220.0
008 240228s1920 ii ||||| |||| 00| 0 per d
035 _a(BD-RjUL) 83174
040 _aBD-RjUL
_beng
_cBD-RjUL
041 _aeng/per
082 _223
_a891.5508
_bKAS 1920
100 _aKanga, Pestonjee Kavasjee
_911950
245 _aSelections from persian prose and Poetry /
_cPestonjee kavasjee Kanga
260 _aBombay :
_b N.M. Tripathi, 1920
300 _a290 p. ;
_c18 cm
650 _apersian Prose
_99292
942 _2ddc
_cBK
999 _c83174
_d83174